<?xml version="1.0" encoding="UTF-8"?>
<marc:record xmlns:marc="http://www.loc.gov/MARC21/slim">
   <marc:leader>00000nam a2200000 a 4500</marc:leader>
   <marc:datafield ind1="1" ind2=" " tag="100">
      <marc:subfield code="a">Walsh, Chloe</marc:subfield>
      <marc:subfield code="4">aut</marc:subfield>
      <marc:subfield code="e">Verfasser/-in</marc:subfield>
   </marc:datafield>
   <marc:datafield ind1="0" ind2="0" tag="245">
      <marc:subfield code="a">Taming 7</marc:subfield>
   </marc:datafield>
   <marc:datafield ind1="0" ind2="0" tag="245">
      <marc:subfield code="c">Walsh, Chloe</marc:subfield>
   </marc:datafield>
   <marc:datafield ind1=" " ind2="1" tag="264">
      <marc:subfield code="a">Berlin</marc:subfield>
      <marc:subfield code="b">Adrian Verlag</marc:subfield>
      <marc:subfield code="c">2025</marc:subfield>
   </marc:datafield>
   <marc:datafield ind1="1" ind2=" " tag="490">
      <marc:subfield code="a">Boys of Tommen</marc:subfield>
      <marc:subfield code="v">5</marc:subfield>
   </marc:datafield>
   <marc:datafield ind1=" " ind2=" " tag="250">
      <marc:subfield code="a">1. Auflage</marc:subfield>
   </marc:datafield>
   <marc:datafield ind1="1" ind2=" " tag="520">
      <marc:subfield code="a">Sie ist ein Sonnenschein. Er ist der liebenswerte Klassenclown. Aber Gewitterwolken ziehen auf.&#xD;
Tommens frechster Junge, Gerard „Gibsie“ Gibson, war schon immer ein Komiker. Aber die meisten Menschen erkennen nicht, was sich hinter seiner Fassade verbirgt. Dämonen aus der Vergangenheit suchen ihn heim und er nutzt seinen Humor, um damit klarzukommen. Doch sein wahres Ich verbirgt er so vor der Welt.&#xD;
Claire Biggs, der Inbegriff von Lebensfreude, hat Gibsie, den Freund ihres Bruders und ihren Lieblingsnachbarn, schon immer geliebt. Sie hat immer eine Seite an ihm gesehen, die niemand sonst zu bemerken schien. Sie ist fest entschlossen, ihren wilden unbändigen besten Freund aus Kindertagen zu besänftigen. Als Grenzen überschritten werden, wird unklar, ob die Freundschaft zwischen Gibsie und Claire bestehen wird. Wird mehr daraus werden, oder wird ihr enges Verhältnis im Sand verlaufen?</marc:subfield>
   </marc:datafield>
   <marc:datafield ind1=" " ind2=" " tag="020">
      <marc:subfield code="a">9783985852079</marc:subfield>
      <marc:subfield code="9">9783985852079</marc:subfield>
   </marc:datafield>
   <marc:datafield ind1=" " ind2=" " tag="020">
      <marc:subfield code="a">3985852073</marc:subfield>
      <marc:subfield code="9">3985852073</marc:subfield>
   </marc:datafield>
   <marc:datafield ind1=" " ind2=" " tag="041">
      <marc:subfield code="a">ger</marc:subfield>
   </marc:datafield>
   <marc:datafield ind1=" " ind2=" " tag="300">
      <marc:subfield code="a">480 Seiten</marc:subfield>
   </marc:datafield>
</marc:record>
